000 01429nam a2200349Ia 4500
001 ebr10404859
003 CaPaEBR
006 m u
007 cr cn|||||||||
008 100506s2010 mdu sb 000 0 eng d
010 _z 2010018174
020 _z9781442205475 (cloth : alk. paper)
020 _z9781442205482 (pbk. : alk. paper)
020 _z9781442205499 (electronic)
040 _aCaPaEBR
_cCaPaEBR
035 _a(OCoLC)669518316
050 1 4 _aJC423
_b.C7196 2010eb
082 0 4 _a321.8
_222
245 0 0 _aCountries at the crossroads
_h[electronic resource] :
_ban analysis of democratic governance /
_cJake Dizard, Christopher Walker, Sarah Cook, editors.
260 _aLanham, Md. :
_bRowman & Littlefield Publishers,
_cc2010.
300 _axi, 699 p.
504 _aIncludes bibliographical references.
533 _aElectronic reproduction.
_bPalo Alto, Calif. :
_cebrary,
_d2010.
_nAvailable via World Wide Web.
_nAccess may be limited to ebrary affiliated libraries.
650 0 _aDemocracy
_vCase studies.
650 0 _aRepresentative government and representation
_vCase studies.
655 7 _aElectronic books.
_2local
700 1 _aDizard, Jake.
700 1 _aWalker, Christopher,
_d1964-
700 1 _aCook, Sarah,
_d1979-
710 2 _aebrary, Inc.
856 4 0 _uhttp://site.ebrary.com/lib/rucke/Doc?id=10404859
_zAn electronic book accessible through the World Wide Web; click to view
999 _c184772
_d184772